000 00878nam a22002293a 4500
005 20140903175037.0
008 140324s2013 ag fr 010 0 spa d
020 _a9789872837921
040 _aCO-BoUCM
_bspa
_cJose A. Gerena
_dDiana Londoño
041 _aspa
100 1 _aBusato, Paulo César
_958892
245 1 0 _aDerecho penal y acción significativa
_bla función del concepto de acción en derecho penal a partir de la filosofía del lenguaje
_cPaulo César Busato
260 _aBuenos Aires (Argentina)
_bDidot
_c2013
300 _a296 páginas
504 _aIncluye referencias bibliográficas
650 7 _aAcción penal
_98349
650 7 _aFilosofía del lenguaje
_915796
650 7 _aTeoría del delito (Derecho comparado)
_932678
690 _942778
_aDerecho penal
942 _a8
_cLIBRO
_e1
_mB976d
_2DEWEY
_h345.02
999 _c239762
_d239762